000 00566nam a2200229Ia 4500
003 OSt
005 20221005124856.0
006 a|||||r|||| 00| 0
007 ta
008 221004b |||||||| |||| 00| 0 kan d
024 _a61535
037 _cTextual
040 _aCRL
_cCRL
_bkan
041 _2kan
_akan
082 _aO33,3NVA3,1, H9
100 _aVasantaraj Au.
_9635896
245 0 _aNishkamyogi
260 _c1949
650 _aKANNAD FICTION
942 _hO33,3NVA3,1, H9
_cTEXL
_2cc
999 _c1051964
_d1051964